Основы охраны труда (Запись № 6022182)

Подробности
000 -МАРКЕР
контрольное поле 01221nam1a22002531i 4500
001 - ИДЕНТИФИКАТОР ЗАПИСИ
контрольное поле rc\2880138
005 - ИДЕНТИФИКАТОР ВЕРСИИ
контрольное поле 20260531111930.0
035 ## - ДРУГИЕ СИСТЕМНЫЕ НОМЕРА
Идентификатор записи (NLR Aleph) 007033024
100 ## - ДАННЫЕ ОБЩЕЙ ОБРАБОТКИ
Данные общей обработки 20110719d1930 |||y0rusy50 ca
101 0# - ЯЗЫК РЕСУРСА
Язык текста, звукозаписи и т.д. русский
102 ## - СТРАНА ПУБЛИКАЦИИ ИЛИ ПРОИЗВОДСТВА
Страна публикации Российская Федерация
105 ## - ПОЛЕ КОДИРОВАННЫХ ДАННЫХ: ТЕКСТОВЫЕ МАТЕРИАЛЫ, МОНОГРАФИЧЕСКИЕ
Кодированные данные о монографическом текстовом документе y z |||||
200 1# - ЗАГЛАВИЕ И СВЕДЕНИЯ ОБ ОТВЕТСТВЕННОСТИ
Основное заглавие Основы охраны труда
Первые сведения об ответственности проф. С.И. Каплун
Последующие сведения об ответственности Центр. заоч. курсы по труду и соц. страхованию ...
210 ## - ПУБЛИКАЦИЯ, РАСПРОСТРАНЕНИЕ И ДР.
Место издания, распространения и т.д. Москва
Имя издателя, распространителя и т. д. Гострудиздат
Дата издания, распространения и т.д. 1930
Имя изготовителя "Интернациональная" (39) тип. "Мосполиграф"
215 ## - ФИЗИЧЕСКАЯ ХАРАКТЕРИСТИКА
Специфическое обозначение материала и объем (1-16) с.
Размеры 26×18 см
300 ## - ОБЩИЕ ПРИМЕЧАНИЯ
Текст примечания Издается отдельными листами
700 #1 - ИМЯ ЛИЦА - ПЕРВИЧНАЯ ОТВЕТСТВЕННОСТЬ
Начальный элемент ввода Каплун
Часть имени, кроме начального элемента ввода С. И.
Дополнения к именам, кроме дат участник установления советской власти, врач-гигиенист
Даты 1897-1943
Расширение инициалов личного имени Сергей Ильич
Системный номер авторитетной/нормативной записи 142119
Идентификатор авторитетной/нормативной записи RU\NLR\AUTH\770142155
712 02 - НАИМЕНОВАНИЕ ОРГАНИЗАЦИИ - ВТОРИЧНАЯ ОТВЕТСТВЕННОСТЬ
Код отношения Прочие
Начальный элемент ввода Центральные заочные курсы по труду и социальному страхованию
Идентифицирующий признак Москва
Системный номер авторитетной/нормативной записи 534347
Идентификатор авторитетной/нормативной записи RU\NLR\AUTH\8810018266
801 #0 - ИСТОЧНИК ЗАПИСИ
Страна Российская Федерация
Организация NLR
Правила каталогизации psbo
801 #1 - ИСТОЧНИК ЗАПИСИ
Страна Российская Федерация
Организация ELAR
Источник данных rusmarc
852 ## - МЕСТОНАХОЖДЕНИЕ И ШИФР ХРАНЕНИЯ
Идентификатор организации NLR
Шифр хранения (Call Number) 30-19/324
942 ## - ДОПОЛНИТЕЛЬНЫЕ ЭЛЕМЕНТЫ ЗАПИСИ (АБИС)
Тип экземпляра АБИС Книга

Нет доступных экземпляров.